Aatish rawan; shidat pasandi par kahanio say intikhab (Record no. 324241)
[ view plain ]
| 000 -LEADER | |
|---|---|
| fixed length control field | 00360 a2200133 4500 |
| 001 - CONTROL NUMBER | |
| control field | 89168 |
| 082 ## - DEWEY DECIMAL CLASSIFICATION NUMBER | |
| Classification number | 891.4393 ZAH |
| 090 ## - LOCALLY ASSIGNED LC-TYPE CALL NUMBER (OCLC); LOCAL CALL NUMBER (RLIN) | |
| -- | 42118 |
| -- | 42118 |
| 100 ## - MAIN ENTRY--PERSONAL NAME | |
| Personal name | Zahid Hussian |
| 245 ## - TITLE STATEMENT | |
| Title | Aatish rawan; shidat pasandi par kahanio say intikhab |
| 260 ## - PUBLICATION, DISTRIBUTION, ETC. | |
| Place of publication, distribution, etc. | Islamabad |
| Name of publisher, distributor, etc. | Narratives |
| Date of publication, distribution, etc. | 2013 |
| 300 ## - PHYSICAL DESCRIPTION | |
| Extent | 302 p. |
| Other physical details | Hb |
| 650 ## - SUBJECT ADDED ENTRY--TOPICAL TERM | |
| Topical term or geographic name entry element | urdu literature; novel; fiction |
| 942 ## - ADDED ENTRY ELEMENTS (KOHA) | |
| Institution code [OBSOLETE] | CAE NUST |
| Call number prefix | 891.4393 ZAH |
| Withdrawn status | Lost status | Damaged status | Not for loan | Collection code | Permanent Location | Current Location | Date acquired | Total Checkouts | Full call number | Barcode | Date last seen | Price effective from | Koha item type |
|---|---|---|---|---|---|---|---|---|---|---|---|---|---|
| College of Aeronautical Engineering (CAE) | College of Aeronautical Engineering (CAE) | 04/03/2017 | 891.4393 ZAH | CAE86056 | 04/05/2017 | 04/05/2017 | Book |
